000 00831nam a2200241Ia 4500
003 OSt
005 20220918202525.0
006 a|||||r|||| 00| 0
007 ta
008 220917b |||||||| |||| 00| 0 eng d
024 _a101,883
037 _cTextual
040 _aARTS
_cARTS
_beng
041 _2eng
_aeng
082 _aV247a1,12,N85, M6 BB (FAL)
100 _aDogra Ramesh Chander
_9104177
245 0 _aJammu and Kashmir
_b A select and annotated bibliography of Manus script books and articles together with a survey of its history language and literature from Rajatarangini to modern times
260 _aDelhi
_bAjanta
_c1986
300 _aviii, 417p.
_ccm.
650 _aHISTORY
942 _hV247a1,12,N85, M6 BB (FAL)
_cTEXL
_2CC
999 _c225343
_d225343